[Event "Bilderbergtoernooi"]
[Site "Oosterbeek"]
[Date "2006.07.03"]
[Round "3.2"]
[White "Etmans, MD."]
[Black "Böhm, H."]
[Result "1/2-1/2"]
[WhiteElo "2101"]
[BlackElo "2263"]
[PlyCount "52"]
[EventDate "2006.07.08"]

1. e4 d5 2. Nc3 d4 3. Nb1 e5 4. Bc4 Nc6 5. Nf3 Qf6 6. O-O Bd6 7. d3 h6 8. Nbd2
Nge7 9. Ne1 g5 10. Bd5 Bd7 11. c3 Qg6 12. Nc4 O-O-O 13. Nxd6+ cxd6 14. cxd4
Nxd5 15. exd5 Nxd4 16. Be3 Kb8 17. Bxd4 exd4 18. Qb3 Rc8 19. Qb4 Qf6 20. Nf3
Rc5 21. Rac1 Rhc8 22. Rc4 Rxd5 23. Rfc1 Rxc4 24. Rxc4 Rb5 25. Qd2 d5 26. Rb4
Qb6 1/2-1/2

[Event "Bilderbergtoernooi"]
[Site "Oosterbeek"]
[Date "2006.07.03"]
[Round "3.3"]
[White "van Putten, H."]
[Black "Van Leeuwen, E."]
[Result "0-1"]
[WhiteElo "2252"]
[BlackElo "2109"]
[PlyCount "72"]
[EventDate "2006.07.08"]

1. e4 e5 2. Bc4 Nf6 3. d3 c6 4. Nf3 d6 5. O-O Be7 6. Re1 O-O 7. Bb3 Nbd7 8. c3
Nc5 9. Bc2 Bg4 10. h3 Bh5 11. Nbd2 Re8 12. Nf1 Bf8 13. Ng3 Bg6 14. Nh4 Qc7 15.
Qf3 Ne6 16. Nhf5 Rad8 17. h4 d5 18. h5 Bxf5 19. Nxf5 dxe4 20. dxe4 Rd7 21. g3
Kh8 22. Nxg7 Nxg7 23. Qxf6 Qd8 24. Qf3 Ne6 25. b4 Be7 26. Qf5 Bxb4 27. cxb4 Nd4
28. Bg5 Qxg5 29. Qxd7 Rd8 30. Qc7 Nxc2 31. Red1 Nd4 32. Qxf7 Rg8 33. h6 Qxh6
34. Kg2 Rf8 35. Qd7 Rxf2+ 36. Kxf2 Qh2+ 0-1

[Event "Bilderbergtoernooi"]
[Site "Oosterbeek"]
[Date "2006.07.03"]
[Round "3.4"]
[White "Speijer, NB."]
[Black "Vogel, J."]
[Result "1-0"]
[WhiteElo "2139"]
[BlackElo "2212"]
[PlyCount "98"]
[EventDate "2006.07.08"]

1. e4 e6 2. d4 d5 3. Nc3 Bb4 4. e5 c5 5. a3 Bxc3+ 6. bxc3 Qc7 7. Nf3 Ne7 8. a4
b6 9. a5 bxa5 10. Bb5+ Bd7 11. Bd3 Bc6 12. O-O h6 13. Re1 Nd7 14. Ba3 O-O 15.
Qd2 f5 16. exf6 Rxf6 17. Ne5 Nxe5 18. Rxe5 c4 19. Bf1 Ng6 20. Re3 Re8 21. Rae1
Nh4 22. Qe2 Qf7 23. f3 a4 24. Qf2 g5 25. Be2 Qc7 26. g3 Ng6 27. Bf1 Bd7 28. Bh3
Kg7 29. Qe2 Qb6 30. Kh1 h5 31. Qd2 Qc7 32. Bg2 h4 33. Qf2 Rh8 34. Kg1 hxg3 35.
hxg3 Kf7 36. R3e2 Qb8 37. Bc1 g4 38. f4 Ne7 39. Ba3 Nf5 40. Re5 Qb5 41. Qe2 Rg8
42. Kf2 Rg7 43. Rh1 Kg8 44. Rh5 Qb8 45. Qe1 Qb6 46. Qh1 Nd6 47. Rh8+ Kf7 48.
Qh5+ Ke7 49. Re1 Rf5 1-0

[Event "Bilderbergtoernooi"]
[Site "Oosterbeek"]
[Date "2006.07.03"]
[Round "3.5"]
[White "Hartoch, RG."]
[Black "Maes, V."]
[Result "1/2-1/2"]
[WhiteElo "2206"]
[BlackElo "2065"]
[PlyCount "38"]
[EventDate "2006.07.08"]

1. Nf3 Nf6 2. g3 d5 3. Bg2 e6 4. O-O c5 5. c4 Nc6 6. cxd5 Nxd5 7. d4 Nf6 8. Ne5
Bd7 9. Nxc6 Bxc6 10. Bxc6+ bxc6 11. dxc5 Qxd1 12. Rxd1 Bxc5 13. Nc3 Nd5 14. Na4
Be7 15. b3 O-O-O 16. Bb2 f6 17. Rac1 Kb7 18. Kf1 e5 19. a3 Nc7 1/2-1/2

[Event "Bilderbergtoernooi"]
[Site "Oosterbeek"]
[Date "2006.07.03"]
[Round "3.6"]
[White "van den Berg, AMJ."]
[Black "Mostertman, LG."]
[Result "1-0"]
[WhiteElo "2162"]
[BlackElo "1927"]
[PlyCount "109"]
[EventDate "2006.07.08"]

1. c4 g6 2. e4 Bg7 3. d4 d6 4. Nc3 e5 5. d5 Nd7 6. Nf3 a5 7. Bd3 Nc5 8. Bc2 Nf6
9. Bg5 h6 10. Be3 Ng4 11. Bxc5 dxc5 12. Ba4+ Kf8 13. h3 Nf6 14. Nxe5 Nxe4 15.
Nxg6+ fxg6 16. Nxe4 Qe7 17. Qf3+ Kg8 18. O-O Kh7 19. Rae1 Rf8 20. Qa3 Bd4 21.
Bc2 Qh4 22. Qg3 Qxg3 23. Nxg3 Kg7 24. b3 Bd7 25. Re7+ Rf7 26. Rxf7+ Kxf7 27.
Ne2 Be5 28. f4 Bd6 29. Nc3 Re8 30. Ne4 Bf8 31. g4 Bg7 32. Kg2 Bd4 33. f5 gxf5
34. Ng3 Kg6 35. h4 Re3 36. Bxf5+ Bxf5 37. Rxf5 Rc3 38. h5+ Kg7 39. g5 hxg5 40.
Rxg5+ Kh6 41. Rg6+ Kh7 42. Ne4 Rc2+ 43. Kf3 Rxa2 44. Ng5+ Kh8 45. Ne6 Ra3 46.
Nxc7 a4 47. d6 Be5 48. Ke4 Bxd6 49. Nb5 Rxb3 50. Rxd6 a3 51. Rd8+ Kh7 52. Ra8
Rh3 53. Rxa3 Rh4+ 54. Kd5 Rxh5+ 55. Kd6 1-0

[Event "Bilderbergtoernooi"]
[Site "Oosterbeek"]
[Date "2006.07.03"]
[Round "3.7"]
[White "van Caspel, RDJ."]
[Black "de Graaff, RAG."]
[Result "1/2-1/2"]
[WhiteElo "2027"]
[BlackElo "2159"]
[PlyCount "56"]
[EventDate "2006.07.08"]

1. d4 d5 2. Nf3 Nf6 3. c4 c6 4. e3 e6 5. Nbd2 c5 6. dxc5 Bxc5 7. Nb3 Bb6 8.
cxd5 exd5 9. Be2 O-O 10. O-O Nc6 11. Bd2 Ne4 12. Rc1 Bg4 13. Nbd4 Bxf3 14. Nxf3
d4 15. exd4 Nxd4 16. Nxd4 Nxd2 17. Qxd2 Qxd4 18. Qxd4 Bxd4 19. Rc7 Rac8 20.
Rfc1 Rxc7 21. Rxc7 Bxb2 22. Rxb7 Bd4 23. Bc4 g5 24. Rd7 Bb6 25. g4 Kg7 26. Kg2
Kf6 27. Kf3 Rc8 28. Rxf7+ Kg6 1/2-1/2

[Event "Bilderbergtoernooi"]
[Site "Oosterbeek"]
[Date "2006.07.03"]
[Round "3.8"]
[White "de Rooi, P."]
[Black "Tsoukkerman, BZ."]
[Result "1-0"]
[WhiteElo "1968"]
[BlackElo "2018"]
[PlyCount "59"]
[EventDate "2006.07.08"]

1. e4 e5 2. Nf3 d6 3. d4 exd4 4. Nxd4 Nf6 5. Nc3 Be7 6. Be2 O-O 7. Be3 c6 8.
O-O d5 9. e5 Ne8 10. Nb3 f6 11. exf6 Nxf6 12. f4 Bd6 13. Bf3 Re8 14. Qd2 Bf5
15. Rae1 Nbd7 16. Nd4 Be4 17. Bxe4 Nxe4 18. Nxe4 Rxe4 19. Nf5 Nf6 20. Bd4 Rxe1
21. Qxe1 Qd7 22. Nh6+ Kf8 23. Bxf6 gxf6 24. Qh4 Bc5+ 25. Kh1 Qg7 26. Ng4 Kf7
27. Re1 Rg8 28. Nh6+ Kf8 29. Nxg8 Kxg8 30. f5 1-0

[Event "Bilderbergtoernooi"]
[Site "Oosterbeek"]
[Date "2006.07.03"]
[Round "3.9"]
[White "Monté, PJ."]
[Black "Wilmink, J."]
[Result "0-1"]
[WhiteElo "2012"]
[BlackElo "1963"]
[PlyCount "78"]
[EventDate "2006.07.08"]

1. f4 d5 2. Nf3 Nf6 3. e3 g6 4. Be2 Bg7 5. O-O c5 6. d3 O-O 7. Qe1 b6 8. c3 Ba6
9. e4 c4 10. dxc4 dxe4 11. Ne5 Nbd7 12. Be3 Rc8 13. Nd2 Nc5 14. Rd1 Qc7 15. b4
Na4 16. Nb3 Rfd8 17. Bd4 Nd7 18. Nc6 Qxc6 19. b5 Qe6 20. bxa6 Nb2 21. f5 Qc6
22. Bxg7 Kxg7 23. Nd4 Qc5 24. Rb1 Nd3 25. Bxd3 exd3 26. fxg6 hxg6 27. Rb5 Qxc4
28. Qxe7 Nc5 29. Qf6+ Kg8 30. Rxc5 bxc5 31. Nc6 Re8 32. Ne7+ Rxe7 33. Qxe7 Rf8
34. Qxa7 d2 35. Qd7 Qxc3 36. a7 Qe3+ 37. Kh1 Qe1 38. Qxf7+ Rxf7 39. a8=Q+ Kg7
0-1

[Event "Bilderbergtoernooi"]
[Site "Oosterbeek"]
[Date "2006.07.03"]
[Round "3.10"]
[White "Sep, CJP."]
[Black "Scholten, KR."]
[Result "1/2-1/2"]
[WhiteElo "1947"]
[BlackElo "2010"]
[PlyCount "43"]
[EventDate "2006.07.08"]

1. e4 c5 2. Nf3 d6 3. d4 cxd4 4. Qxd4 Bd7 5. c4 Nc6 6. Qd2 e6 7. Be2 Be7 8. O-O
Qc7 9. Nc3 a6 10. b3 Nf6 11. Bb2 O-O 12. Rac1 Rfd8 13. Bd3 h6 14. Bb1 Qa5 15.
Na4 Qxd2 16. Nxd2 Be8 17. Nb6 Rab8 18. Nf3 Nd7 19. Nxd7 Bxd7 20. e5 Nxe5 21.
Nxe5 dxe5 22. Bxe5 1/2-1/2

[Event "Bilderbergtoernooi"]
[Site "Oosterbeek"]
[Date "2006.07.03"]
[Round "3.11"]
[White "Haitsma, AH."]
[Black "Arp, FL."]
[Result "1-0"]
[WhiteElo "1932"]
[BlackElo "1997"]
[PlyCount "73"]
[EventDate "2006.07.08"]

1. d4 Nf6 2. c4 g6 3. Nc3 Bg7 4. e4 d6 5. Be2 O-O 6. Bg5 Nbd7 7. Qd2 c5 8. d5
a6 9. Nf3 Qa5 10. O-O Re8 11. Qc2 h6 12. Bd2 Qc7 13. h3 Nf8 14. Bf4 Nh5 15. Bh2
e5 16. dxe6 Nxe6 17. Nd5 Qd8 18. Rad1 Nd4 19. Nxd4 Bxd4 20. Bxh5 gxh5 21. Kh1
Be6 22. Rd3 Bxd5 23. exd5 Qe7 24. Rg3+ Kh8 25. Rf3 Qe2 26. Qxe2 Rxe2 27. b3
Rxa2 28. Rxf7 b5 29. Bxd6 bxc4 30. bxc4 Rc2 31. Re7 Rxc4 32. f4 a5 33. Be5+ Kg8
34. d6 Rf8 35. Rd1 Rd8 36. d7 Kf8 37. Bd6 1-0

[Event "Bilderbergtoernooi"]
[Site "Oosterbeek"]
[Date "2006.07.03"]
[Round "3.12"]
[White "Pluymert, PW."]
[Black "Taal, AP."]
[Result "1/2-1/2"]
[WhiteElo "1983"]
[BlackElo "1917"]
[PlyCount "56"]
[EventDate "2006.07.08"]

1. e4 c5 2. Nf3 e6 3. c4 d6 4. Nc3 Nc6 5. d4 cxd4 6. Nxd4 Be7 7. Be3 Nf6 8. Be2
O-O 9. O-O a6 10. f3 Bd7 11. Qd2 Rc8 12. Rac1 Ne5 13. b3 Nc6 14. Rfd1 Qc7 15.
Nd5 exd5 16. cxd5 Nxd4 17. Rxc7 Nxe2+ 18. Qxe2 Rxc7 19. e5 Ne8 20. f4 dxe5 21.
fxe5 Bc5 22. Bxc5 Rxc5 23. Qf2 Rb5 24. Qc2 b6 25. Qc4 Rc5 26. Qxa6 Nc7 27. Qxb6
Rxd5 28. Rxd5 Nxd5 1/2-1/2

[Event "Bilderbergtoernooi"]
[Site "Oosterbeek"]
[Date "2006.07.03"]
[Round "3.13"]
[White "Plijter, MW."]
[Black "Toorman, J."]
[Result "0-1"]
[WhiteElo "1938"]
[BlackElo "1969"]
[PlyCount "44"]
[EventDate "2006.07.08"]

1. e4 c5 2. Nf3 e6 3. d4 cxd4 4. c3 dxc3 5. Nxc3 Nc6 6. Bc4 a6 7. O-O Bc5 8.
Bf4 Nge7 9. Rc1 Ng6 10. Bg3 d6 11. Qe2 O-O 12. Rfd1 e5 13. Nd5 Bg4 14. Qd2 Nd4
15. Be2 Nxe2+ 16. Qxe2 Rc8 17. Ne3 Bxe3 18. Qxe3 Qe7 19. Qb6 h5 20. h3 Bxf3 21.
gxf3 h4 22. Bh2 Rxc1 0-1

[Event "Bilderbergtoernooi"]
[Site "Oosterbeek"]
[Date "2006.07.03"]
[Round "3.14"]
[White "Huizinga, SW."]
[Black "Nagel, JG."]
[Result "0-1"]
[WhiteElo "1922"]
[BlackElo "1939"]
[PlyCount "110"]
[EventDate "2006.07.08"]

1. e4 e5 2. Nf3 Nc6 3. d4 exd4 4. Bc4 d6 5. Nxd4 Ne5 6. Be2 Nf6 7. Nc3 Be7 8.
h3 a6 9. f4 Ng6 10. O-O c5 11. Nf3 O-O 12. a4 b6 13. Bd3 Bb7 14. f5 Ne5 15.
Nxe5 dxe5 16. Be3 Qc7 17. b3 Rfd8 18. Qf3 Rd7 19. g4 Ne8 20. g5 Nd6 21. Qe2 Rc8
22. Nd5 Bxd5 23. exd5 c4 24. bxc4 Nxc4 25. Bxc4 Qxc4 26. Qxc4 Rxc4 27. f6 Bc5
28. Bxc5 Rxc5 29. Rab1 Rd6 30. Rf5 Rcxd5 31. Re1 Re6 32. c4 Rc5 33. Rd1 gxf6
34. gxf6 h6 35. Rd3 Rxc4 36. Rg3+ Kf8 37. Rd3 Ke8 38. Rh5 Rxf6 39. Rxe5+ Kf8
40. Rd8+ Kg7 41. Ree8 Rg6+ 42. Kf2 Rxa4 43. Rg8+ Kf6 44. Rd6+ Kf5 45. Rgxg6
fxg6 46. Rxb6 h5 47. h4 Rxh4 48. Rxa6 Rb4 49. Ra3 h4 50. Kf3 Rf4+ 51. Kg2 Kg4
52. Ra6 g5 53. Ra2 Rb4 54. Rf2 h3+ 55. Kh2 Kh4 0-1

[Event "Bilderbergtoernooi"]
[Site "Oosterbeek"]
[Date "2006.07.03"]
[Round "3.15"]
[White "Grotenhuis, GH."]
[Black "Mostertman, CA."]
[Result "0-1"]
[WhiteElo "2005"]
[BlackElo "1933"]
[PlyCount "75"]
[EventDate "2006.07.08"]

1. b3 e5 2. Bb2 Nc6 3. e3 d5 4. Bb5 f6 5. Nf3 Bg4 6. h3 Bh5 7. g4 Bf7 8. Nc3
Qd7 9. d4 e4 10. Nh2 h5 11. Qd2 hxg4 12. Nxg4 Nh6 13. O-O-O Nf5 14. Kb1 Nh4 15.
Nxd5 Qxd5 16. c4 Qf5 17. d5 O-O-O 18. Bxc6 bxc6 19. Qa5 cxd5 20. Qxa7 Kd7 21.
cxd5 Bd6 22. Qa4+ Ke7 23. Qc4 Rh5 24. f4 Bxd5 25. Qc3 Bf7 26. Rd4 Kf8 27. Ba3
Nf3 28. Qxc7 Bxa3 29. Rxd8+ Be8 30. Rhd1 Be7 31. Rb8 Qe6 32. Rb7 Rc5 33. Qb6
Qc8 34. Rb8 Qc7 35. Qxc7 Rxc7 36. Kb2 f5 37. Ne5 Nxe5 38. fxe5 {
zwart won na 48 zetten} 0-1

[Event "Bilderbergtoernooi"]
[Site "Oosterbeek"]
[Date "2006.07.04"]
[Round "4.1"]
[White "Markus, JR."]
[Black "Speijer, NB."]
[Result "1-0"]
[WhiteElo "2167"]
[BlackElo "2139"]
[PlyCount "65"]
[EventDate "2006.07.08"]

1. d4 Nf6 2. c4 g6 3. Nc3 Bg7 4. e4 d6 5. f4 O-O 6. Nf3 c5 7. d5 e6 8. Be2 exd5
9. cxd5 Bg4 10. O-O Nbd7 11. Re1 Re8 12. h3 Bxf3 13. Bxf3 a6 14. a4 c4 15. Be3
Qa5 16. Kh1 Nc5 17. Bxc5 Qxc5 18. e5 dxe5 19. fxe5 Nd7 20. e6 fxe6 21. Rxe6 Ne5
22. Qe2 Rad8 23. Bg4 Rxe6 24. Bxe6+ Kh8 25. Ne4 Qe7 26. a5 Nd3 27. Rf1 Bxb2 28.
Rf7 Qh4 29. g3 Qh6 30. Kg2 Bg7 31. h4 Qc1 32. Ng5 h6 33. Rf1 1-0

[Event "Bilderbergtoernooi"]
[Site "Oosterbeek"]
[Date "2006.07.04"]
[Round "4.2"]
[White "Van Leeuwen, E."]
[Black "van den Berg, AMJ."]
[Result "0-1"]
[WhiteElo "2109"]
[BlackElo "2162"]
[PlyCount "60"]
[EventDate "2006.07.08"]

1. e4 c5 2. Nf3 Nc6 3. d4 cxd4 4. Nxd4 g6 5. Nc3 Bg7 6. Be3 Nf6 7. Nxc6 bxc6 8.
e5 Ng8 9. Bd4 Qa5 10. f4 Rb8 11. Qd2 Rxb2 12. Ne4 Qxd2+ 13. Kxd2 Rb7 14. Ba6
Rb4 15. Bc3 Rxe4 16. Rab1 Nh6 17. Bxc8 Rxf4 18. Bxd7+ Kxd7 19. e6+ Kxe6 20.
Rhe1+ Kf5 21. Bxg7 Rd8+ 22. Kc3 Ng8 23. Re5+ Kg4 24. h3+ Kg3 25. Re3+ Kxg2 26.
Be5 Rf3 27. Rxf3 Kxf3 28. Bd4 f5 29. Bxa7 Nf6 30. Rb7 e5 0-1

[Event "Bilderbergtoernooi"]
[Site "Oosterbeek"]
[Date "2006.07.04"]
[Round "4.3"]
[White "Maes, V."]
[Black "Zuidema, C."]
[Result "1-0"]
[WhiteElo "2065"]
[BlackElo "2450"]
[PlyCount "105"]
[EventDate "2006.07.08"]

1. d4 Nf6 2. Nf3 d5 3. Bf4 e6 4. e3 Be7 5. h3 O-O 6. Nbd2 b6 7. Ne5 Bb7 8. Bd3
c5 9. c3 Ne4 10. h4 f6 11. Nef3 Nd7 12. Qc2 f5 13. Bb5 Nxd2 14. Qxd2 Nf6 15.
Qe2 Ne4 16. Bd3 Bc6 17. Ne5 Be8 18. g3 Nd6 19. h5 Bg5 20. Qf3 Ne4 21. Qg2 Rc8
22. Ba6 Rc7 23. Be2 cxd4 24. exd4 b5 25. a3 a5 26. Nd3 Bxf4 27. gxf4 Qd6 28.
Rd1 Rb7 29. Rh3 h6 30. Re3 Kh7 31. Qh2 g6 32. hxg6+ Kg7 33. Rh3 Rh8 34. Ne5 b4
35. axb4 axb4 36. c4 dxc4 37. Bxc4 Nf6 38. Qg2 Rc7 39. Re3 Ng4 40. Nxg4 Rxc4
41. Ne5 Rc7 42. Nf7 Bxf7 43. gxf7+ Kxf7 44. d5 exd5 45. Rxd5 Qg6 46. Qxg6+ Kxg6
47. Re6+ Kf7 48. Rb6 Re8+ 49. Kd2 Re4 50. Rxf5+ Kg7 51. Kd3 Rcc4 52. Rd5 Kf7
53. b3 1-0

[Event "Bilderbergtoernooi"]
[Site "Oosterbeek"]
[Date "2006.07.04"]
[Round "4.4"]
[White "Böhm, H."]
[Black "van Caspel, RDJ."]
[Result "1/2-1/2"]
[WhiteElo "2263"]
[BlackElo "2027"]
[PlyCount "36"]
[EventDate "2006.07.08"]

1. d4 c6 2. c4 g6 3. g3 Bg7 4. Bg2 d5 5. cxd5 cxd5 6. Nc3 Nf6 7. Nf3 Nc6 8. O-O
O-O 9. Ne5 e6 10. f4 Nd7 11. Be3 f6 12. Nf3 f5 13. Rc1 Nf6 14. Ne5 Bd7 15. a3
Re8 16. h3 Rc8 17. Qd2 Na5 18. Rb1 Nc4 1/2-1/2

[Event "Bilderbergtoernooi"]
[Site "Oosterbeek"]
[Date "2006.07.04"]
[Round "4.5"]
[White "Wilmink, J."]
[Black "Hartoch, RG."]
[Result "0-1"]
[WhiteElo "1963"]
[BlackElo "2206"]
[PlyCount "102"]
[EventDate "2006.07.08"]

1. d4 d6 2. c4 e5 3. Nf3 e4 4. Nfd2 f5 5. g3 Nf6 6. Bg2 c6 7. Nc3 Be7 8. Nb3
O-O 9. Bf4 Nbd7 10. Rc1 Nh5 11. Qd2 Nxf4 12. gxf4 Nf6 13. e3 Qe8 14. Qe2 Be6
15. Nd2 Bf7 16. Nf1 d5 17. c5 b6 18. b4 a5 19. a3 axb4 20. axb4 bxc5 21. bxc5
Ra3 22. Ng3 Be6 23. O-O Qa8 24. Rc2 Rb8 25. Rb1 Rxb1+ 26. Nxb1 Ra1 27. Rc1 Bd8
28. Bh3 g6 29. Qd2 Bc8 30. Bf1 Ba6 31. Nc3 Bxf1 32. Kxf1 Ne8 33. Kg2 Ng7 34.
Qb2 Rxc1 35. Qxc1 h6 36. Qb2 g5 37. Nce2 Bc7 38. Qb4 Kf7 39. Qb2 Kg6 40. Qb4
Ne6 41. fxg5 hxg5 42. f3 f4 43. Nf1 Qa2 44. Qd2 Qxd2 45. Nxd2 fxe3 46. Nb3 Nf4+
47. Nxf4+ gxf4 48. Nc1 Kf5 49. Ne2 Bd8 50. Nc3 Bf6 51. Ne2 Bg7 0-1

[Event "Bilderbergtoernooi"]
[Site "Oosterbeek"]
[Date "2006.07.04"]
[Round "4.6"]
[White "de Graaff, RAG."]
[Black "Etmans, MD."]
[Result "1/2-1/2"]
[WhiteElo "2159"]
[BlackElo "2101"]
[PlyCount "32"]
[EventDate "2006.07.08"]

1. d4 Nf6 2. Nf3 b5 3. a4 b4 4. g3 a5 5. Bg2 Bb7 6. O-O e6 7. c4 d6 8. Nbd2
Nbd7 9. Nb3 Be7 10. Be3 c5 11. dxc5 dxc5 12. Bf4 Qb6 13. Ne5 Nxe5 14. Bxe5 Bxg2
15. Kxg2 Qc6+ 16. Kg1 O-O 1/2-1/2

[Event "Bilderbergtoernooi"]
[Site "Oosterbeek"]
[Date "2006.07.04"]
[Round "4.7"]
[White "Vogel, J."]
[Black "de Rooi, P."]
[Result "1/2-1/2"]
[WhiteElo "2212"]
[BlackElo "1968"]
[PlyCount "58"]
[EventDate "2006.07.08"]

1. d4 d6 2. g3 g6 3. Bg2 Bg7 4. Nf3 Nd7 5. c4 e5 6. Nc3 Ngf6 7. O-O O-O 8. h3
c6 9. e4 Qc7 10. Be3 Re8 11. Re1 exd4 12. Nxd4 Nc5 13. Qc2 Bd7 14. Rad1 Rad8
15. b4 Ne6 16. Nb3 Bc8 17. a4 Qb8 18. c5 dxc5 19. bxc5 Qc7 20. a5 Rxd1 21. Rxd1
Rd8 22. f4 Rxd1+ 23. Nxd1 Nh5 24. Bf2 Qd8 25. Bf3 Nexf4 26. gxf4 Nxf4 27. h4
Nh3+ 28. Kg2 Nf4+ 29. Kg1 Nh3+ 1/2-1/2

[Event "Bilderbergtoernooi"]
[Site "Oosterbeek"]
[Date "2006.07.04"]
[Round "4.8"]
[White "Mostertman, LG."]
[Black "van Putten, H."]
[Result "1/2-1/2"]
[WhiteElo "1927"]
[BlackElo "2252"]
[PlyCount "48"]
[EventDate "2006.07.08"]

1. e4 g6 2. d4 Bg7 3. c3 d6 4. f4 Nf6 5. e5 dxe5 6. fxe5 Nd5 7. Nf3 O-O 8. Bc4
Nc6 9. O-O Na5 10. Bd3 c5 11. Qe1 cxd4 12. cxd4 Nc6 13. Qh4 Qb6 14. Kh1 f6 15.
Bc4 Be6 16. Nc3 Rad8 17. Bh6 Na5 18. Bd3 Nxc3 19. bxc3 Qc7 20. Rac1 Bd5 21.
Bxg7 Kxg7 22. Qg3 f5 23. Qh4 e6 24. Bb1 Nc4 1/2-1/2

[Event "Bilderbergtoernooi"]
[Site "Oosterbeek"]
[Date "2006.07.04"]
[Round "4.9"]
[White "Nagel, JG."]
[Black "Haitsma, AH."]
[Result "0-1"]
[WhiteElo "1939"]
[BlackElo "1932"]
[PlyCount "74"]
[EventDate "2006.07.08"]

1. e4 e5 2. Nf3 Nc6 3. Bc4 Nf6 4. Ng5 d5 5. exd5 Na5 6. Bb5+ c6 7. dxc6 bxc6 8.
Qf3 Qc7 9. Ba4 Be7 10. d3 O-O 11. Ne4 Nd5 12. O-O f5 13. Ng3 Bd6 14. Bb3 Kh8
15. Bd2 Ne7 16. Bc3 Bb7 17. Nd2 Nxb3 18. Nxb3 c5 19. Qe2 Nc6 20. f3 Rae8 21.
Be1 Ba6 22. Nd2 Nd4 23. Qd1 Qf7 24. Bf2 Rb8 25. b3 Rbe8 26. Nc4 Bb8 27. Ne2 Qg6
28. Nxd4 exd4 29. Qd2 Bb7 30. Kh1 Qh5 31. Bg1 Bg3 32. h3 Re6 33. Bf2 Bc7 34.
Bg1 Rfe8 35. Rae1 Rxe1 36. Rxe1 Rxe1 37. Qxe1 Qxh3+ 0-1

[Event "Bilderbergtoernooi"]
[Site "Oosterbeek"]
[Date "2006.07.04"]
[Round "4.10"]
[White "Toorman, J."]
[Black "Monté, PJ."]
[Result "1/2-1/2"]
[WhiteElo "1969"]
[BlackElo "2012"]
[PlyCount "52"]
[EventDate "2006.07.08"]

1. e4 e6 2. d4 d5 3. Nc3 Bb4 4. Nge2 dxe4 5. a3 Bxc3+ 6. Nxc3 Nc6 7. Bb5 Nge7
8. Bg5 f6 9. Be3 O-O 10. Qd2 e5 11. dxe5 Qxd2+ 12. Bxd2 Nxe5 13. Nxe4 Bf5 14.
f3 Rad8 15. O-O-O a6 16. Bb4 axb5 17. Bxe7 Rxd1+ 18. Rxd1 Re8 19. Rd8 Kf7 20.
Rxe8 Kxe8 21. Bc5 b6 22. Bf2 Kd7 23. Nc3 Kc6 24. Ne2 Bd7 25. b3 g6 26. Kd2 Kd5
1/2-1/2

[Event "Bilderbergtoernooi"]
[Site "Oosterbeek"]
[Date "2006.07.04"]
[Round "4.11"]
[White "Tsoukkerman, BZ."]
[Black "Sep, CJP."]
[Result "1/2-1/2"]
[WhiteElo "2018"]
[BlackElo "1947"]
[PlyCount "41"]
[EventDate "2006.07.08"]

1. b4 e5 2. Bb2 d6 3. c4 Nf6 4. e3 Be7 5. Nf3 O-O 6. Be2 c6 7. d4 exd4 8. exd4
a5 9. b5 cxb5 10. cxb5 d5 11. O-O Bg4 12. Nbd2 Nbd7 13. h3 Bf5 14. Rc1 Rc8 15.
Qb3 Nb6 16. Rxc8 Qxc8 17. Rc1 Qe6 18. Ne5 Rc8 19. Rxc8+ Qxc8 20. Qc3 Bb4 21.
Qxc8+ 1/2-1/2

[Event "Bilderbergtoernooi"]
[Site "Oosterbeek"]
[Date "2006.07.04"]
[Round "4.12"]
[White "Scholten, KR."]
[Black "Taal, AP."]
[Result "0-1"]
[WhiteElo "2010"]
[BlackElo "1917"]
[PlyCount "164"]
[EventDate "2006.07.08"]

1. e4 c5 2. d4 cxd4 3. Nf3 e6 4. Nxd4 Nf6 5. Nc3 Nc6 6. Bf4 Bb4 7. Ndb5 O-O 8.
a3 Bxc3+ 9. Nxc3 d5 10. Bg5 d4 11. Nb1 Qa5+ 12. Qd2 Nxe4 13. Qxa5 Nxa5 14. Bf4
e5 15. Bxe5 Re8 16. Bc7 Ng3+ 17. Be2 Nxh1 18. Bxa5 Bf5 19. Kf1 Bxc2 20. Bf3 Re5
21. Bd2 Bd3+ 22. Kg1 Rae8 23. Nc3 Nxf2 24. Kxf2 dxc3 25. Bxc3 R5e7 26. Bb4 Rc7
27. Bc3 Be4 28. Bd1 Rec8 29. Rc1 b6 30. g3 a5 31. Be2 Rc5 32. Ke3 f5 33. Ba6
Re8 34. Kf2 b5 35. Rd1 b4 36. axb4 axb4 37. Bxb4 Rc2+ 38. Rd2 Rd8 39. Rxc2 Bxc2
40. Bc3 Bd3 41. Bb7 Be4 42. Ba6 Bd3 43. Bb7 Bb5 44. h4 Kf7 45. Bf3 g6 46. Ba5
Rd7 47. Ke3 h6 48. Bb4 Rd3+ 49. Kf2 g5 50. hxg5 hxg5 51. Bc3 Ke6 52. Bb7 Rd1
53. Bc8+ Kd5 54. Kg2 Ke4 55. Kf2 Rf1+ 56. Kg2 Ke3 57. Bb7 Rf2+ 58. Kg1 Rc2 59.
Bf6 g4 60. Bg5+ Ke2 61. Bf6 Rc1+ 62. Kh2 Bc6 63. Ba6+ Kf3 64. Be5 Rc2+ 65. Kg1
Ke3 66. Bf4+ Ke4 67. b4 Rb2 68. Bf1 Kd4 69. Bd6 Ke3 70. Bc5+ Kf3 71. Bd3 Kxg3
72. Bxf5 Rg2+ 73. Kf1 Kf3 74. Ke1 Rb2 75. Bd3 g3 76. Kd1 g2 77. Bc2 Rxb4 78.
Kd2 Rb8 79. Bd1+ Ke4 80. Bc2+ Kd5 81. Bg1 Rf8 82. Bd3 Rf1 0-1

[Event "Bilderbergtoernooi"]
[Site "Oosterbeek"]
[Date "2006.07.04"]
[Round "4.13"]
[White "Mostertman, CA."]
[Black "Pluymert, PW."]
[Result "1/2-1/2"]
[WhiteElo "1933"]
[BlackElo "1983"]
[PlyCount "99"]
[EventDate "2006.07.08"]

1. e4 d6 2. d4 Nf6 3. Nc3 Nbd7 4. Be3 e5 5. d5 c6 6. Bc4 Be7 7. f3 h5 8. a4 Nb6
9. Bb3 cxd5 10. exd5 Bf5 11. Qe2 O-O 12. Bf2 Re8 13. h3 h4 14. a5 Nbd7 15. Ne4
Nh5 16. g4 hxg3 17. Nxg3 Nxg3 18. Bxg3 Nc5 19. Qb5 Bh4 20. Ne2 e4 21. f4 Bxg3+
22. Nxg3 Qh4 23. Rg1 Bd7 24. Qe2 Nd3+ 25. Kd1 Nxf4 26. Qe3 Nxh3 27. Rf1 Bg4+
28. Kd2 Re5 29. Ra4 f5 30. Qe1 Qg5+ 31. Kc3 Nf4 32. Rd4 Ng2 33. Qf2 Qe3+ 34.
Qxe3 Nxe3 35. Rg1 Rae8 36. Kd2 f4 37. Nh1 Bh5 38. Rb4 R8e7 39. Nf2 Bf7 40. Nh3
Nf5 41. Nxf4 e3+ 42. Ke2 Kf8 43. c3 g5 44. Nd3 Bh5+ 45. Ke1 Nh4 46. Nxe5 Rxe5
47. Rf1+ Nf3+ 48. Ke2 Kg8 49. Rh1 Nh4+ 50. Ke1 1/2-1/2

[Event "Bilderbergtoernooi"]
[Site "Oosterbeek"]
[Date "2006.07.04"]
[Round "4.14"]
[White "Arp, FL."]
[Black "Plijter, MW."]
[Result "1-0"]
[WhiteElo "1997"]
[BlackElo "1938"]
[PlyCount "81"]
[EventDate "2006.07.08"]

1. e4 e6 2. Nf3 d5 3. e5 c5 4. b4 cxb4 5. a3 Nc6 6. axb4 Bxb4 7. c3 Be7 8. d4
Nh6 9. Bd3 Nf5 10. h4 h5 11. Ng5 f6 12. exf6 gxf6 13. Bxf5 exf5 14. Nh3 Be6 15.
Qf3 Qd7 16. Nf4 Bf7 17. Na3 Na5 18. O-O Rc8 19. Re1 Nb3 20. Rb1 Nxc1 21. Rbxc1
Kf8 22. c4 dxc4 23. d5 b5 24. Ne6+ Bxe6 25. Rxe6 Rc5 26. Rce1 Rh7 27. Qxf5 Rg7
28. Qxh5 Qxd5 29. Qh8+ Rg8 30. Qh6+ Rg7 31. g3 Qh5 32. Qf4 Rc8 33. Nxb5 c3 34.
Nd6 Bxd6 35. Qxd6+ Kg8 36. Rxf6 Qg4 37. Qd5+ Kh7 38. Re5 c2 39. Rh5+ Qxh5 40.
Qxh5+ Kg8 41. Qd5+ 1-0

[Event "Bilderbergtoernooi"]
[Site "Oosterbeek"]
[Date "2006.07.04"]
[Round "4.15"]
[White "Huizinga, SW."]
[Black "Grotenhuis, GH."]
[Result "0-1"]
[WhiteElo "1922"]
[BlackElo "2005"]
[PlyCount "142"]
[EventDate "2006.07.08"]

1. e4 d5 2. exd5 Qxd5 3. Nc3 Qd6 4. d4 Nf6 5. Be2 a6 6. Bf3 Nc6 7. Nge2 e5 8.
d5 Ne7 9. Ng3 Bf5 10. O-O g6 11. Bg5 Bg7 12. Bxf6 Qxf6 13. Nce4 Qb6 14. c4 Bxe4
15. Qa4+ c6 16. Nxe4 O-O 17. d6 Nf5 18. c5 Qb5 19. Qxb5 axb5 20. Bd1 Nd4 21.
Nd2 f5 22. Nb3 Ne6 23. a3 Kf7 24. Re1 Ke8 25. Rc1 Kd7 26. Be2 h5 27. Rc2 h4 28.
h3 g5 29. Rd1 Ra4 30. f3 Nf4 31. Nc1 g4 32. fxg4 Nxe2+ 33. Nxe2 fxg4 34. hxg4
Rxg4 35. Rc3 e4 36. Rh3 Bxb2 37. Rf1 Rxf1+ 38. Kxf1 b6 39. cxb6 Kxd6 40. Rb3
Be5 41. a4 Kc5 42. b7 b4 43. a5 Kc4 44. a6 Bb8 45. Rb2 c5 46. Ra2 Ba7 47. b8=Q
Bxb8 48. a7 Bxa7 49. Rxa7 Kb3 50. Rc7 Rg5 51. Re7 c4 52. Rxe4 c3 53. Nd4+ Kb2
54. Re2+ Ka3 55. Nc2+ Kb3 56. Nd4+ Kc4 57. Re4 Kd3 58. Rxh4 Ra5 59. Nb3 Rb5 60.
Rh3+ Kc4 61. Nc1 c2 62. Nb3 Rd5 63. Ke2 Rd1 64. Nd2+ Kb5 65. Nb3 c1=Q 66. Nxc1
Rxc1 67. Kd2 Rc6 68. g4 Ka4 69. g5 b3 70. Rc3 b2 71. Rxc6 b1=Q 0-1